| 000 | 005750000a22001810004500 | ||
|---|---|---|---|
| 003 | MACL | ||
| 005 | 20160206115246.0 | ||
| 008 | 160206b xxu||||| |||| 00| 0 eng d | ||
| 040 |
_aMACL _cMACL |
||
| 041 | _aSanskrit | ||
| 082 | _a294 | ||
| 100 |
_aआचार्य पं. श्रीराम शर्मा _937056 |
||
| 245 |
_aवायु-पुराग्रा _bदूसरा खएड |
||
| 260 |
_bसुर्स्कति-संस्थान _c1967 _aबरेली |
||
| 350 | _a7 | ||
| 650 |
_aReligion _937057 |
||
| 942 |
_cSAN _k294 _2ddc |
||
| 999 |
_c29521 _d29521 |
||